<?xml version="1.0" encoding="UTF-8"?>
<record
    xmlns:xsi="http://www.w3.org/2001/XMLSchema-instance"
    xsi:schemaLocation="http://www.loc.gov/MARC21/slim http://www.loc.gov/standards/marcxml/schema/MARC21slim.xsd"
    xmlns="http://www.loc.gov/MARC21/slim">

  <leader>01273    a2200229   4500</leader>
  <controlfield tag="005">20080923101528.0</controlfield>
  <controlfield tag="008">080923t        xxu||||| |||| 00| 0 hin d</controlfield>
  <datafield tag="010" ind1=" " ind2=" ">
    <subfield code="a">HIN-81352</subfield>
  </datafield>
  <datafield tag="020" ind1=" " ind2=" ">
    <subfield code="a">817604217x</subfield>
    <subfield code="c">60.00</subfield>
  </datafield>
  <datafield tag="035" ind1=" " ind2=" ">
    <subfield code="a">HN-53698</subfield>
  </datafield>
  <datafield tag="037" ind1=" " ind2=" ">
    <subfield code="b">D.B.Act / pub</subfield>
  </datafield>
  <datafield tag="082" ind1=" " ind2=" ">
    <subfield code="a">&#x915;</subfield>
  </datafield>
  <datafield tag="100" ind1=" " ind2=" ">
    <subfield code="a">&#x91F;&#x949;&#x932;&#x938;&#x94D;&#x91F;&#x93E;&#x92F;</subfield>
  </datafield>
  <datafield tag="245" ind1=" " ind2=" ">
    <subfield code="a">&#x91F;&#x949;&#x932;&#x938;&#x94D;&#x91F;&#x93E;&#x92F; &#x915;&#x940; &#x938;&#x930;&#x94D;&#x935;&#x936;&#x94D;&#x930;&#x947;&#x937;&#x94D;&#x920; &#x915;&#x939;&#x93E;&#x928;&#x93F;&#x92F;&#x93E;&#x902;/</subfield>
    <subfield code="c">&#x91F;&#x949;&#x932;&#x938;&#x94D;&#x91F;&#x93E;&#x92F;;&#x938;&#x902;&#x91C;&#x92F; &#x917;&#x941;&#x92A;&#x94D;&#x924;&#x93E; &#x926;&#x94D;&#x935;&#x93E;&#x930;&#x93E; &#x930;&#x942;&#x92A;&#x93E;&#x902;&#x924;&#x930;&#x93F;&#x924;</subfield>
  </datafield>
  <datafield tag="246" ind1=" " ind2=" ">
    <subfield code="a">Tolstoy ki sarvshetra kahaniyan/</subfield>
    <subfield code="b">by  Tolstoy ; Sanjay Gupta dvara sampadit</subfield>
  </datafield>
  <datafield tag="260" ind1=" " ind2=" ">
    <subfield code="a">&#x926;&#x93F;&#x932;&#x94D;&#x932;&#x940;</subfield>
    <subfield code="b">&#x930;&#x93E;&#x91C;&#x93E; &#x92A;&#x949;&#x915;&#x947;&#x91F; &#x92C;&#x941;&#x915;&#x94D;&#x938;</subfield>
    <subfield code="c">2004 (&#x924;&#x943;&#x924;&#x940;&#x92F; &#x92E;&#x941;&#x926;&#x94D;&#x930;&#x923;)</subfield>
  </datafield>
  <datafield tag="270" ind1=" " ind2=" ">
    <subfield code="a">330/1, &#x92E;&#x947;&#x928; &#x930;&#x94B;&#x921;&#x93C;, &#x92C;&#x941;&#x930;&#x93E;&#x921;&#x93C;&#x940;</subfield>
    <subfield code="b">&#x926;&#x93F;&#x932;&#x94D;&#x932;&#x940;</subfield>
    <subfield code="e">110084</subfield>
    <subfield code="k">27611410, 27612036</subfield>
    <subfield code="l">27611227</subfield>
    <subfield code="m">rajam@nda.vsnl.net.in</subfield>
  </datafield>
  <datafield tag="300" ind1=" " ind2=" ">
    <subfield code="a">192&#x92A;&#x943;</subfield>
    <subfield code="c">22 &#x938;&#x947;&#x92E;&#x940; (&#x905;&#x91C;&#x93F;&#x932;&#x94D;&#x926;)</subfield>
  </datafield>
  <datafield tag="700" ind1=" " ind2=" ">
    <subfield code="a">&#x917;&#x941;&#x92A;&#x94D;&#x924;&#x93E;, &#x938;&#x902;&#x91C;&#x92F;</subfield>
  </datafield>
  <datafield tag="942" ind1=" " ind2=" ">
    <subfield code="a">dpl</subfield>
    <subfield code="c">HN</subfield>
    <subfield code="k">&#x915; / &#x91F;&#x949;&#x932;&#x938;&#x94D;&#x91F;&#x949;</subfield>
    <subfield code="2">ddc</subfield>
    <subfield code="h">&#x915; </subfield>
    <subfield code="m">&#x91F;&#x949;&#x932;&#x938;&#x94D;&#x91F;&#x949;</subfield>
  </datafield>
  <datafield tag="999" ind1=" " ind2=" ">
    <subfield code="c">8225</subfield>
    <subfield code="d">8225</subfield>
  </datafield>
  <datafield tag="952" ind1=" " ind2=" ">
    <subfield code="0">0</subfield>
    <subfield code="1">0</subfield>
    <subfield code="2">ddc</subfield>
    <subfield code="4">0</subfield>
    <subfield code="7">0</subfield>
    <subfield code="a">DBAD</subfield>
    <subfield code="b">DBAD</subfield>
    <subfield code="d">2008-09-23</subfield>
    <subfield code="g">60.00</subfield>
    <subfield code="l">0</subfield>
    <subfield code="o">&#x915;  &#x91F;&#x949;&#x932;&#x938;&#x94D;&#x91F;&#x949;</subfield>
    <subfield code="p">HN-53698</subfield>
    <subfield code="r">2008-09-15 00:00:00</subfield>
    <subfield code="t">1</subfield>
    <subfield code="u">9133</subfield>
    <subfield code="v">60.00</subfield>
    <subfield code="w">2008-09-15</subfield>
    <subfield code="y">HN</subfield>
  </datafield>
</record>
